000 00262nam a2200109Ia 4500
008 240625s9999 xx 000 0 und d
041 _aeng
082 _a659.1 BEL
100 _aBELCH GEORGE E
245 _aADVERTISING AND PROMOTION AN INTEGRATED
260 _c2013
999 _c39572
_d39572